000
00325nam a2200157Ia 4500
100
_a
Tiggeler/Eric
942
_c
BK
366
_f
20
654
_a
joomla
245
_a
Joomla 1.5: Beginners guide
260
_b
Shroff Publ.
_c
2010
082
_a
4.65
_b
TIG
300
_a
363
546
_a
ENGLISH
_c
Computers
999
_c
33243
_d
33243